| 000 | 00580nam a2200241 a 4500 | ||
|---|---|---|---|
| 001 | nice12345678 | ||
| 003 | IN_TiNIC | ||
| 005 | 20260116012848.0 | ||
| 008 | 050524s1980 u sa grp 000 0 eng | ||
| 020 |
_a _c123.9 |
||
| 082 | 0 | 0 |
_a248.4 _bRIC |
| 100 | _aRichards, Larry | ||
| 245 | _aBorn to Grow for New and Used Christians | ||
| 260 |
_aU S A _bVictor Books _c1980 |
||
| 300 | _a143p | ||
| 500 | _aincludes index and biblioraphy | ||
| 505 | 2 | _aIndex | |
| 650 | _aChristian-Life | ||
| 700 | 1 | _aRichards, Larry | |
| 902 | _bSRS | ||
| 942 | _cBK | ||
| 999 |
_c8680 _d8680 |
||